| 000 | 00895nmm a2200277 a 4500 | ||
|---|---|---|---|
| 001 | ocm000551612 | ||
| 003 | TR-IsHL | ||
| 005 | 20201028123217.0 | ||
| 008 | 110704s2008 tu tur | ||
| 007 | cr cn | ||
| 020 | _a9789758729746 | ||
| 035 |
_a551612 _b(N$T) |
||
| 050 | 0 | 4 |
_aBM525.K33 _bA45 2008 |
| 090 | 0 | 4 |
_aBM525.K33 _bA45 2008 |
| 100 | 1 | _aAkıncı, Ahmet | |
| 245 | 1 | 0 |
_aKabala: sınırsız yolculuk _h[electronic resource] / _cAhmet Akıncı |
| 250 | _a2. bs. | ||
| 260 |
_aİstanbul : _bDharma Yayıncılık, _c2008 |
||
| 300 | _a360 p. | ||
| 650 | 4 | _aFelsefe, Psikoloji ve Din | |
| 650 | 4 | _aPhilosophy, Psychology and Religion | |
| 650 | 0 |
_aMusevilik _x Kabala |
|
| 650 | 0 |
_aJudaism _x Kabbalah |
|
| 650 | 7 |
_aRELIGION / Judaism / Kabbalah & Mysticism _2bisacsh |
|
| 856 | 4 | 0 | _uhttp://search.ebscohost.com/login.aspx?direct=true&scope=site&db=e011xww&AN=551612 |
| 999 |
_c2281 _d2281 |
||